000 00766nam a2200229Ii 4500
003 JO-AjNU
008 230605s9999||||xx |||||||||||||| ||und||
017 _a2005/9/2096
020 _a9957-8588-2-3
040 _aJO-AjNU
_bara
_erda
_cJO-AjNU
041 _aara
050 1 4 _aHD37.A7.Q27.2008
100 3 _aالقريوتي،محمد قاسم,
_eauthor
_929076
245 0 0 _aنظرية المنظمة والتنظيم
250 _aط3
264 3 1 _aعمان:دار وائل للنشر والتوزيع،2008
300 _a423ص
336 _atext
_btxt
_2rdacontent
337 _aunmediated
_bn
_2rdamedia
338 _avolume
_bnc
_2rdacarrier
650 4 _aالادارة العامة-المنظمات الادارية-التنظيم الاداري
_929077
999 _aA11358
_c14926
_d14926